000 00327 a2200145 4500
001 155707
040 _cEscola São Tomás de Aquino
240 1 0 _aNovo Testamento
_lpor
245 1 0 _aNovo Testamento
300 _a351
362 0 _a2000
440 1 _aSociedade Bíblica do Brasil
697 _aNovo Testamento
942 _cBK
999 _c155707
_d155707